Sports Quiz

Random Sports Quiz

World Series of Poker November Niners Quiz Stats

Quiz not verified by Sporcle

Challenge
Share
Tweet
Embed
Score 0/63 Timer 10:00
0 Plays Today
Year Answer % Correct
2009Joe Cada
90.3%
2009Phil Ivey
89.2%
2012Greg Merson
89.2%
2013Ryan Riess
88.2%
2014Martin Jacobson
87.1%
2008Peter Eastgate
87.1%
2010Jonathan Duhamel
87.1%
2011Pius Heinz
84.9%
2009Darvin Moon
82.8%
2014Mark Newhouse
81.4%
2014Jorryt van Hoof
75.7%
2008Ivan Demidov
74.2%
2010Michael Mizrachi
73.1%
2012Jesse Sylvia
72%
2013Mark Newhouse
69.9%
2009Antoine Saout
68.8%
2010John Racener
67.7%
2013Jay Farber
67.7%
2010Joseph Cheong
66.7%
2011Martin Staszko
66.7%
2014Felix Stephensen
65.7%
2008Dennis Phillips
64.5%
2013JC Tran
63.4%
2014Billy Pappaconstantinou
62.9%
2014William Tonking
62.9%
2009Jeff Shulman
60.2%
2014Bruno Politano
58.6%
2011Ben Lamb
58.1%
2012Steve Gee
58.1%
2009James Akenhead
55.9%
2010Soi Nguyen
55.9%
2014Andoni Larrabe
55.7%
Year Answer % Correct
2014Dan Sindelar
55.7%
2009Steven Begleiter
52.7%
2008Chino Rheem
51.6%
2010Filippo Candio
51.6%
2009Eric Buchman
49.5%
2008Scott Montgomery
48.4%
2008Ylon Schwartz
47.3%
2009Kevin Schaffel
47.3%
2010Matt Jarvis
47.3%
2012Jake Balsiger
46.2%
2013Amir Lehavot
46.2%
2010Jason Senti
44.1%
2013Marc Etienne McLaughlin
44.1%
2013David Benefield
44.1%
2012Russell Thomas
41.9%
2013Sylvain Loosli
41.9%
2008Kelly Kim
40.9%
2010John Dolan
40.9%
2012Rob Salaburu
40.9%
2013Michiel Brummelhuis
39.8%
2011Eoghan O'Dea
37.6%
2012Jeremy Ausmus
37.6%
2011Phil Collins
35.5%
2012Andras Koroknai
34.4%
2008Darus Suharto
31.2%
2011Sam Holden
31.2%
2011Bob Bounahra
30.1%
2011Matt Giannetti
26.9%
2011Anton Makiievskyi
25.8%
2012Michael Esposito
25.8%
2008Craig Marquis
24.7%

You're not logged in!

Compare scores with friends on all Sporcle quizzes.
Join for Free
OR
Log In

You Might Also Like...

Show Comments

Extras

Top Quizzes Today


Score Distribution

Your Account Isn't Verified!

In order to create a playlist on Sporcle, you need to verify the email address you used during registration. Go to your Sporcle Settings to finish the process.

Report this User

Report this user for behavior that violates our Community Guidelines.

Details: